| 000 | 01276nam a2200253 a 4500 | ||
|---|---|---|---|
| 001 | BRCA_1053 | ||
| 005 | 20190320203247.0 | ||
| 008 | 140408s2005----mx-a---###---#000-0#spa-# | ||
| 020 | _a9685538093 | ||
| 050 | 4 |
_aN8070 _b.P77 2005 |
|
| 245 | 1 | 0 |
_aUn privilegio sagrado _bla concepción de María Inmaculada. La celebración del dogma en México = A Sacred Privilege : The Conception of Mary Immaculate. The Celebration of Dogma in Mexico. |
| 260 |
_aMéxico _bMuseo de la Basílica de Guadalupe _c2005 |
||
| 300 |
_a351 p. _bil. a color _c28 cm. |
||
| 500 | _aCatálogo de la exposición realizada en el Museo de la Basílica de Guadalupe (Ciudad de México), diciembre 2005 - marzo 2006 y en el Museo de Guadalupe (Zacatecas, México), abril - junio, 2006 | ||
| 500 | _a2do. ejemplar en el Área de Investigación | ||
| 504 | _aBibliografía : p. 317-326 | ||
| 546 | _aTexto en : español e inglés | ||
| 650 | 1 | 4 |
_aVirgen de la Inmaculada Concepción _xEn la pintura y escultura _93471 |
| 650 | 1 | 4 |
_aVirgen de la Inmaculada Concepción _xIconografía _93472 |
| 650 | 1 | 4 |
_aIneffabilis Deus (Bula Papal) _x1854 _93473 |
| 650 | 1 | 4 |
_aArte cristiano _93474 |
| 740 | 0 | _aA Sacred Privilege : The Conception of Mary Immaculate. The Celebration of Dogma in Mexico | |
| 942 |
_2lcc _cB |
||
| 999 |
_c932 _d932 |
||